Statistics for Πρωτεύουσες του Κόσμου - Τ

Click here to take the quiz!

General Stats

  • This quiz has been taken 219 times
  • The average score is 9 of 15

Answer Stats

Τ% Correct
Τίρανα
86%
Τάλιν
84%
Τόκιο
76%
Ταϊπέι
75%
Τύνιδα
72%
Τεχεράνη
70%
Τζακάρτα
63%
Τζιμπουτί
61%
Τιφλίδα
61%
Τασκένδη
59%
Τρίπολη
59%
Τεγκουσιγάλπα
48%
Τζόρτζταουν
47%
Τζούμπα
46%
Τιμπού (Θίμφου)
30%

Score Distribution

Percentile by Number Answered

Percent of People with Each Score

Your Score History

You have not taken this quiz